Normal view
MARC view
- Usmani, Zeeshan-ul-hassan,
Entry Personal Name
001 - CONTROL NUMBER
- control field: 3588
003 - CONTROL NUMBER IDENTIFIER
- control field: NUST
005 - DATE AND TIME OF LATEST TRANSACTION
- control field: 20170726190010.0
008 - FIXED-LENGTH DATA ELEMENTS
- fixed length control field: 170726|| aca||aabn | a|a d
040 ## - CATALOGING SOURCE
- Original cataloging agency: NUST
- Transcribing agency: NUST
100 ## - HEADING--PERSONAL NAME
- Personal name: Usmani, Zeeshan-ul-hassan,
- Relator term: author.
670 ## - SOURCE DATA FOUND
- Source citation: Work cat.: (NUST)0: 880-01 Usmani, Zeeshan-ul-hassan, author., Justujū kā safar /
